10 najczęściej używanych języków na świecie - Statystyki

Ogólne statystyki
  • Ten quiz został rozwiązany 108 402 razy
  • Średni wynik to 7 z 10
Statystyki odpowiedzi
Liczba ludzi, która posługuje się tym językiem Odpowiedź % Poprawnych
1.755.000.00 Angielski
100%
386.000.000 Hiszpański
91%
1.391.000.000 Chiński
88%
275.000.000 Rosyjski
86%
330.000.000 Francuski
85%
125.000.000 Japoński
68%
210.000.000 Portugalski
67%
457.000.000 Arabski
48%
520.000.000 Hindi
28%
205.000.000 Bengalski
8%
Nie znaleziono quizów pasujących do podanych kryteriów
Rozkład punktacji
Procent ludzi z każdym wynikiem
Percentyl według liczby udzielonych odpowiedzi
Twoja historia wyników
Nie rozwiązałeś tego quizu